Fráter Erzsébet a Madách-értelmezésekben

Elmentve itt :
Bibliográfiai részletek
Szerző: KOZMA Dezső
Adatforrás:Meister
Forrásdokumentuma:A Hét. -
33 sz., 1997, 8 p.
Nyelv:magyar
Kulcsszavak:művelődéstörténet
MADÁCH Imre
FÁTER Erzsébet
ANDOR Csaba
MORVAY Győző
GYŐRFFY Miklós
PALÁGYI Menyhért
BARTA János
SZERB Antal
HORVÁTH Károly
LEADER 00615nab a2200229 i 4500
001 bibPRO00007172
008 060524s1997 xx hun
040 |a Sz1 
041 |a hun 
100 1 |a KOZMA Dezső 
245 1 0 |a Fráter Erzsébet a Madách-értelmezésekben  |c KOZMA Dezső 
695 |a művelődéstörténet 
695 |a MADÁCH Imre 
695 |a FÁTER Erzsébet 
695 |a ANDOR Csaba 
695 |a MORVAY Győző 
695 |a GYŐRFFY Miklós 
695 |a PALÁGYI Menyhért 
695 |a BARTA János 
695 |a SZERB Antal 
695 |a HORVÁTH Károly 
773 0 |t A Hét. -  |g 33 sz., 1997, 8 p.